Imperialism, the highest stage of capitalism : a popular outline
Αποθηκεύτηκε σε:
| Κύριος συγγραφέας: | |
|---|---|
| Μορφή: | Βιβλίο |
| Γλώσσα: | English Russian |
| Δημοσίευση: |
Moscow :
Progress Publishers,
1968.
|
| Θέματα: | |
| Ετικέτες: |
Προσθήκη ετικέτας
Δεν υπάρχουν, Καταχωρήστε ετικέτα πρώτοι!
|
MARC
| LEADER | 00000cam a2200000 a 4500 | ||
|---|---|---|---|
| 001 | 1/116852 | ||
| 008 | 180618r1968####ru | ||| |||| ||eng|| | ||
| 040 | |a GR-MyUa |b gre |c GR-MyUa |e AACR2 | ||
| 041 | 1 | |a eng |h rus | |
| 082 | 7 | |a 335.412 |2 (23) | |
| 100 | 1 | |a Lenin, Vladimir Il'ich, |d 1870-1924. | |
| 245 | 1 | 0 | |a Imperialism, the highest stage of capitalism : |b a popular outline / |c V. I. Lenin. |
| 260 | |a Moscow : |b Progress Publishers, |c 1968. | ||
| 300 | |a 124 σ. ; |c 20 εκ. | ||
| 500 | |a First published under title: Imperializm, kak noveĭshiĭ ėtap kapitalizma. | ||
| 504 | |a Περιλαμβάνει σημειώσεις. | ||
| 650 | 0 | |a Imperialism. | |
| 650 | 0 | |a Capitalism. | |
| 852 | |a INST |b LESVOS |e 20180618 |h 335.412 LEN |p 005100060494 |q 005100060494 |t BK |y 0 | ||
| 970 | |a Τζαφέρη |b Ευαγγελία |z 18-06-2018 | ||